Traditional cultures in South-east Asia. (Record no. 34489)
[ view plain ]
| 000 -LEADER | |
|---|---|
| fixed length control field | 01000cam a22002651 4500 |
| 001 - CONTROL NUMBER | |
| control field | 34489 |
| 003 - CONTROL NUMBER IDENTIFIER | |
| rucl marc code | BD-RjUL |
| 005 - DATE AND TIME OF LATEST TRANSACTION | |
| control field | 20211209052152.0 |
| 008 - FIXED-LENGTH DATA ELEMENTS--GENERAL INFORMATION | |
| fixed length control field | 140517s1958 ii 000 0 eng |
| 035 ## - SYSTEM CONTROL NUMBER | |
| System control number | (BD-RjUL)34583 |
| 040 ## - CATALOGING SOURCE | |
| Original cataloging agency | DLC |
| Transcribing agency | F |
| Modifying agency | OCoLC |
| -- | DLC |
| Language of cataloging | eng |
| 041 ## - LANGUAGE CODE | |
| Language code of text/sound track or separate title | eng |
| 082 ## - DEWEY DECIMAL CLASSIFICATION NUMBER | |
| Classification number | 915.903 |
| Author mark and year | TRA 1958 |
| 245 00 - TITLE STATEMENT | |
| Title | Traditional cultures in South-east Asia. |
| Statement of responsibility, etc. | [Published under the auspices of UNESCO] |
| 260 ## - PUBLICATION, DISTRIBUTION, ETC. (IMPRINT) | |
| Place of publication, distribution, etc. | Bombay, |
| Name of publisher, distributor, etc. | Orient Longmans |
| Date of publication, distribution, etc. | [c1958] |
| 300 ## - PHYSICAL DESCRIPTION | |
| Pagination | x, 270 p. |
| Size | 22 cm. |
| 500 ## - GENERAL NOTE | |
| General note | "Results of ... enquiries conducted by UNESCO ... Mr. Nilakanta Sastri ... was kind enough to accept the task of making a choice from the material collected by UNESCO ... and to write an introduction. " |
| 504 ## - BIBLIOGRAPHY, ETC. NOTE | |
| Bibliography, etc | Bibliography: p. 269-270. |
| 651 #0 - SUBJECT ADDED ENTRY--GEOGRAPHIC NAME | |
| Geographic name | Southeast Asia |
| General subdivision | Civilization. |
| 9 (RLIN) | 52354 |
| 700 2# - ADDED ENTRY--PERSONAL NAME | |
| Personal name | Nilakanta Sastri, K. A. |
| Fuller form of name | (Kallidaikurichi Aiyah), |
| Dates associated with a name | 1892-1975, |
| Relator term | ed. |
| 710 2# - ADDED ENTRY--CORPORATE NAME | |
| Corporate name or jurisdiction name as entry element | Unesco. |
| 9 (RLIN) | 104895 |
| 942 ## - ADDED ENTRY ELEMENTS (KOHA) | |
| Source of classification or shelving scheme | Dewey Decimal Classification |
| Koha item type | Books |
| Lost status | Source of classification or shelving scheme | Damaged status | Not for loan | Collection code | Permanent Location | Current Location | Shelving location | Date acquired | Total Checkouts | Full call number | Date last seen | Copy number | Koha item type |
|---|---|---|---|---|---|---|---|---|---|---|---|---|---|
| Dewey Decimal Classification | Not For Loan | Non-fiction | Central Library, University of Rajshahi | Central Library, University of Rajshahi | Reading Room | 17/05/2014 | 915.903 TRA 1958 | 17/05/2014 | C-1 | Books |